| 000 -LEADER |
| fixed length control field |
nam a22 a 4500 |
| 003 - CONTROL NUMBER IDENTIFIER |
| control field |
AKMAL |
| 005 - DATE AND TIME OF LATEST TRANSACTION |
| control field |
20170517150835.0 |
| 008 - FIXED-LENGTH DATA ELEMENTS--GENERAL INFORMATION |
| fixed length control field |
17051 s2010 my a e u a000 0 eng d |
| 039 #9 - LEVEL OF BIBLIOGRAPHIC CONTROL AND CODING DETAIL [OBSOLETE] |
| Level of rules in bibliographic description |
201204251643 |
| Level of effort used to assign nonsubject heading access points |
suzilawati |
| Level of effort used to assign subject headings |
201204191045 |
| Level of effort used to assign classification |
fidyawati |
| Level of effort used to assign subject headings |
201203161535 |
| Level of effort used to assign classification |
hasliza |
| 040 ## - CATALOGING SOURCE |
| Original cataloging agency |
AKMAL |
| 082 04 - DEWEY DECIMAL CLASSIFICATION NUMBER |
| Classification number |
604.70287 DSM |
| Edition number |
22 |
| 090 00 - LOCALLY ASSIGNED LC-TYPE CALL NUMBER (OCLC); LOCAL CALL NUMBER (RLIN) |
| Classification number (OCLC) (R) ; Classification number, CALL (RLIN) (NR) |
604.70287 |
| Local cutter number (OCLC) ; Book number/undivided call number, CALL (RLIN) |
DSM |
| 110 1# - MAIN ENTRY--CORPORATE NAME |
| Corporate name or jurisdiction name as entry element |
Malaysia. |
| Subordinate unit |
Jabatan Standard |
| 9 (RLIN) |
5568 |
| 245 10 - TITLE STATEMENT |
| Title |
Manual of tests and criteria for transport of dangerous goods. |
| Number of part/section of a work |
Part 2, |
| Name of part/section of a work |
Classification procedures, test methods and criteria relating to explosives of class 1 - section 9 : test series 8 / |
| Statement of responsibility, etc. |
Dept. of Standards Malaysia |
| 260 ## - PUBLICATION, DISTRIBUTION, ETC. |
| Place of publication, distribution, etc. |
Cyberjaya : |
| Name of publisher, distributor, etc. |
Jabatan Standard Malaysia, |
| Date of publication, distribution, etc. |
2010 |
| 300 ## - PHYSICAL DESCRIPTION |
| Extent |
iii, 20p. : |
| Other physical details |
ill. ; |
| Dimensions |
30cm. |
| 490 1# - SERIES STATEMENT |
| Series statement |
Malaysian standard |
| 500 ## - GENERAL NOTE |
| General note |
Cover title |
| 650 10 - SUBJECT ADDED ENTRY--TOPICAL TERM |
| Topical term or geographic name entry element |
Hazardous substances |
| General subdivision |
Transportation |
| Geographic subdivision |
Malaysia |
| 9 (RLIN) |
5600 |
| 650 20 - SUBJECT ADDED ENTRY--TOPICAL TERM |
| Topical term or geographic name entry element |
Hazardous substances |
| General subdivision |
Packaging |
| 9 (RLIN) |
5601 |
| 650 20 - SUBJECT ADDED ENTRY--TOPICAL TERM |
| Topical term or geographic name entry element |
Ammonium nitrate |
| General subdivision |
Testing |
| 9 (RLIN) |
5602 |
| 650 20 - SUBJECT ADDED ENTRY--TOPICAL TERM |
| Topical term or geographic name entry element |
Transportation, Automotive |
| General subdivision |
Safety measures |
| 9 (RLIN) |
5603 |
| 830 #0 - SERIES ADDED ENTRY--UNIFORM TITLE |
| Uniform title |
Malaysian standard. |
| Number of part/section of a work |
MS 1990-2-9:2010 |
| 9 (RLIN) |
5604 |
| 942 ## - ADDED ENTRY ELEMENTS (KOHA) |
| Source of classification or shelving scheme |
|
| Koha item type |
Book |